[Event "DEM U10w 2023"]
[Site "Willingen GER"]
[Date "2023.05.31"]
[Round "7"]
[White "Berger, Jennifer"]
[Black "Bacakova, Klara"]
[Result "0-1"]
[Termination "normal"]
[Board "4"]
[WhiteElo "1137"]
[BlackElo "1289"]
[WhiteClock "00:25:14"]
[BlackClock "00:16:44"]
[PlyCount "112"]
[WhiteFideId "34630074"]
[BlackFideId "34605762"]
[EventCountry "GER"]
[EventRounds "11"]
[EventType "swiss"]
[EventDate "2023.05.27"]

1. e4 {[%clk 01:15:47]} {[%emt 00:00:13]} c5 {[%clk 01:16:19]} {[%emt
00:00:10]} 2. d4 {[%clk 01:16:00]} {[%emt 00:00:17]} cxd4 {[%clk 01:16:43]}
{[%emt 00:00:07]} 3. c3 {[%clk 01:16:26]} {[%emt 00:00:04]} d5 {[%clk
01:17:04]} {[%emt 00:00:09]} 4. exd5 {[%clk 01:13:21]} {[%emt 00:03:35]} Qxd5
{[%clk 01:17:24]} {[%emt 00:00:10]} 5. cxd4 {[%clk 01:09:44]} {[%emt 00:04:07]}
e5 {[%clk 01:17:29]} {[%emt 00:00:25]} 6. dxe5 {[%clk 01:06:57]} {[%emt
00:03:17]} Qxe5+ {[%clk 01:17:49]} {[%emt 00:00:10]} 7. Be2 {[%clk 01:02:26]}
{[%emt 00:05:01]} Nf6 {[%clk 01:14:11]} {[%emt 00:04:07]} 8. Nf3 {[%clk
00:58:27]} {[%emt 00:04:30]} Qc7 {[%clk 01:08:32]} {[%emt 00:06:09]} 9. h3
{[%clk 00:55:43]} {[%emt 00:03:13]} Bc5 {[%clk 01:04:32]} {[%emt 00:04:31]} 10.
O-O {[%clk 00:54:09]} {[%emt 00:02:04]} O-O {[%clk 01:04:28]} {[%emt 00:00:33]}
11. Nc3 {[%clk 00:52:19]} {[%emt 00:02:21]} a6 {[%clk 00:54:02]} {[%emt
00:10:55]} 12. Bg5 {[%clk 00:45:34]} {[%emt 00:07:15]} Nbd7 {[%clk 00:46:39]}
{[%emt 00:07:54]} 13. Rc1 {[%clk 00:42:38]} {[%emt 00:03:26]} Qb8 {[%clk
00:43:11]} {[%emt 00:03:58]} 14. Qb3 {[%clk 00:26:56]} {[%emt 00:16:12]} b5
{[%clk 00:34:28]} {[%emt 00:09:13]} 15. a3 {[%clk 00:24:42]} {[%emt 00:02:44]}
h6 {[%clk 00:32:00]} {[%emt 00:02:58]} 16. Bh4 {[%clk 00:24:29]} {[%emt
00:00:42]} g5 {[%clk 00:30:27]} {[%emt 00:02:03]} 17. Bg3 {[%clk 00:24:35]}
{[%emt 00:00:24]} Qxg3 {[%clk 00:30:07]} {[%emt 00:00:51]} 18. Na2 {[%clk
00:23:20]} {[%emt 00:01:45]} Qf4 {[%clk 00:27:34]} {[%emt 00:03:02]} 19. Nb4
{[%clk 00:20:13]} {[%emt 00:03:37]} Bxb4 {[%clk 00:23:58]} {[%emt 00:04:07]}
20. axb4 {[%clk 00:20:11]} {[%emt 00:00:32]} Bb7 {[%clk 00:23:34]} {[%emt
00:00:53]} 21. Nh2 {[%clk 00:18:08]} {[%emt 00:02:29]} Kh8 {[%clk 00:19:23]}
{[%emt 00:04:46]} 22. Rfd1 {[%clk 00:17:04]} {[%emt 00:01:29]} Bd5 {[%clk
00:15:25]} {[%emt 00:04:33]} 23. Qa3 {[%clk 00:16:16]} {[%emt 00:01:18]} Rfe8
{[%clk 00:11:32]} {[%emt 00:04:23]} 24. Re1 {[%clk 00:15:10]} {[%emt 00:01:36]}
Qe4 {[%clk 00:10:09]} {[%emt 00:01:53]} 25. Bf3 {[%clk 00:14:51]} {[%emt
00:00:49]} Qxe1+ {[%clk 00:09:58]} {[%emt 00:00:41]} 26. Rxe1 {[%clk 00:15:11]}
{[%emt 00:00:10]} Rxe1+ {[%clk 00:10:24]} {[%emt 00:00:05]} 27. Nf1 {[%clk
00:15:33]} {[%emt 00:00:07]} Bxf3 {[%clk 00:10:33]} {[%emt 00:00:21]} 28. Qxf3
{[%clk 00:15:24]} {[%emt 00:00:38]} Rae8 {[%clk 00:10:39]} {[%emt 00:00:25]}
29. g3 {[%clk 00:14:50]} {[%emt 00:01:05]} Kg7 {[%clk 00:10:16]} {[%emt
00:00:53]} 30. Kg2 {[%clk 00:14:30]} {[%emt 00:00:49]} Ne5 {[%clk 00:10:09]}
{[%emt 00:00:36]} 31. Qc3 {[%clk 00:14:09]} {[%emt 00:00:43]} Nc4 {[%clk
00:09:45]} {[%emt 00:01:02]} 32. b3 {[%clk 00:13:51]} {[%emt 00:00:48]} Nd6
{[%clk 00:09:20]} {[%emt 00:00:55]} 33. Ne3 {[%clk 00:13:55]} {[%emt 00:00:26]}
Re2 {[%clk 00:08:05]} {[%emt 00:01:46]} 34. Qd3 {[%clk 00:13:58]} {[%emt
00:00:27]} R8xe3 {[%clk 00:08:05]} {[%emt 00:00:29]} 35. Qxd6 {[%clk 00:14:02]}
{[%emt 00:00:26]} Re6 {[%clk 00:08:18]} {[%emt 00:00:18]} 36. Qd4 {[%clk
00:13:13]} {[%emt 00:01:15]} R6e4 {[%clk 00:06:55]} {[%emt 00:01:57]} 37. Qd6
{[%clk 00:13:24]} {[%emt 00:00:18]} Re6 {[%clk 00:06:51]} {[%emt 00:00:34]} 38.
Qd4 {[%clk 00:13:38]} {[%emt 00:00:16]} R2e4 {[%clk 00:06:57]} {[%emt
00:00:24]} 39. Qd2 {[%clk 00:13:52]} {[%emt 00:00:17]} Ne8 {[%clk 00:05:56]}
{[%emt 00:01:31]} 40. Qb2+ {[%clk 00:13:51]} {[%emt 00:00:31]} Kg8 {[%clk
00:05:39]} {[%emt 00:00:47]} 41. Qd2 {[%clk 00:14:03]} {[%emt 00:00:17]} Nd6
{[%clk 00:05:44]} {[%emt 00:00:26]} 42. Qc2 {[%clk 00:13:18]} {[%emt 00:01:15]}
Rxb4 {[%clk 00:04:44]} {[%emt 00:01:30]} 43. Qc3 {[%clk 00:13:12]} {[%emt
00:00:33]} Rbe4 {[%clk 00:04:32]} {[%emt 00:00:45]} 44. Qd2 {[%clk 00:12:24]}
{[%emt 00:01:14]} Re2 {[%clk 00:03:38]} {[%emt 00:01:28]} 45. Qd4 {[%clk
00:12:20]} {[%emt 00:00:30]} Ne4 {[%clk 00:02:59]} {[%emt 00:01:12]} 46. Qd8+
{[%clk 00:12:24]} {[%emt 00:00:25]} Kg7 {[%clk 00:02:00]} {[%emt 00:01:31]} 47.
Qd4+ {[%clk 00:12:42]} {[%emt 00:00:11]} Kf8 {[%clk 00:01:22]} {[%emt
00:01:09]} 48. Qb4+ {[%clk 00:10:43]} {[%emt 00:02:30]} Ke8 {[%clk 00:01:00]}
{[%emt 00:00:52]} 49. g4 {[%clk 00:10:02]} {[%emt 00:01:11]} Nxf2 {[%clk
00:14:40]} {[%emt 00:01:49]} 50. Qc5 {[%clk 00:23:43]} {[%emt 00:01:45]} Nd3+
{[%clk 00:14:53]} {[%emt 00:00:21]} 51. Kf1 {[%clk 00:23:48]} {[%emt 00:00:23]}
Nxc5 {[%clk 00:15:18]} {[%emt 00:00:06]} 52. b4 {[%clk 00:23:59]} {[%emt
00:00:20]} Nd3 {[%clk 00:15:19]} {[%emt 00:00:29]} 53. h4 {[%clk 00:24:03]}
{[%emt 00:00:26]} gxh4 {[%clk 00:15:36]} {[%emt 00:00:12]} 54. g5 {[%clk
00:24:27]} {[%emt 00:00:06]} hxg5 {[%clk 00:16:00]} {[%emt 00:00:06]} 55. Kg1
{[%clk 00:24:54]} {[%emt 00:00:03]} Rf6 {[%clk 00:16:19]} {[%emt 00:00:12]} 56.
Kh1 {[%clk 00:25:14]} {[%emt 00:00:10]} Rf1# {[%clk 00:16:44]} {[%emt
00:00:04]} 0-1

[Event "DEM U10w 2023"]
[Site "Willingen GER"]
[Date "2023.05.31"]
[Round "7"]
[White "Nönnig, Lotte"]
[Black "Lukas, Olivia"]
[Result "1-0"]
[Termination "normal"]
[Board "5"]
[WhiteElo "1341"]
[BlackElo "1288"]
[WhiteClock "00:07:42"]
[BlackClock "00:27:33"]
[PlyCount "145"]
[WhiteFideId "34611509"]
[BlackFideId "34632239"]
[EventCountry "GER"]
[EventRounds "11"]
[EventType "swiss"]
[EventDate "2023.05.27"]

1. e4 {[%clk 01:15:58]} e5 {[%clk 01:15:55]} {[%emt 00:00:06]} 2. Nf3 {[%clk
01:16:19]} {[%emt 00:00:09]} Nc6 {[%clk 01:16:16]} {[%emt 00:00:09]} 3. Bc4
{[%clk 01:16:44]} {[%emt 00:00:06]} Bc5 {[%clk 01:16:36]} {[%emt 00:00:09]} 4.
c3 {[%clk 01:17:02]} {[%emt 00:00:12]} Nf6 {[%clk 01:16:54]} {[%emt 00:00:11]}
5. d4 {[%clk 01:17:19]} {[%emt 00:00:13]} exd4 {[%clk 01:17:09]} {[%emt
00:00:15]} 6. cxd4 {[%clk 01:17:43]} {[%emt 00:00:07]} Bb4+ {[%clk 01:17:21]}
{[%emt 00:00:18]} 7. Bd2 {[%clk 01:18:01]} {[%emt 00:00:11]} Nxe4 {[%clk
01:17:35]} {[%emt 00:00:15]} 8. Bxb4 {[%clk 01:18:19]} {[%emt 00:00:14]} Nxb4
{[%clk 01:17:31]} {[%emt 00:00:32]} 9. Bxf7+ {[%clk 01:18:28]} {[%emt
00:00:22]} Kxf7 {[%clk 01:17:43]} {[%emt 00:00:18]} 10. Qb3+ {[%clk 01:18:53]}
{[%emt 00:00:05]} Kf8 {[%clk 01:17:57]} {[%emt 00:00:16]} 11. Qxb4+ {[%clk
01:19:09]} {[%emt 00:00:15]} Qe7 {[%clk 01:18:11]} {[%emt 00:00:15]} 12. Qxe7+
{[%clk 01:17:14]} {[%emt 00:02:27]} Kxe7 {[%clk 01:18:15]} {[%emt 00:00:25]}
13. O-O {[%clk 01:17:27]} {[%emt 00:00:17]} Re8 {[%clk 01:18:34]} {[%emt
00:00:11]} 14. Re1 {[%clk 01:16:26]} {[%emt 00:01:31]} Kf8 {[%clk 01:18:36]}
{[%emt 00:00:27]} 15. Nc3 {[%clk 01:16:16]} {[%emt 00:00:41]} Nxc3 {[%clk
01:17:02]} {[%emt 00:02:00]} 16. bxc3 {[%clk 01:15:30]} {[%emt 00:01:20]} d6
{[%clk 01:16:57]} {[%emt 00:00:35]} 17. Rxe8+ {[%clk 01:14:42]} {[%emt
00:01:18]} Kxe8 {[%clk 01:17:07]} {[%emt 00:00:18]} 18. Re1+ {[%clk 01:13:55]}
{[%emt 00:01:18]} Kf8 {[%clk 01:16:45]} {[%emt 00:00:53]} 19. h3 {[%clk
01:11:51]} {[%emt 00:02:34]} Bd7 {[%clk 01:16:14]} {[%emt 00:01:02]} 20. Kh2
{[%clk 01:04:38]} {[%emt 00:07:42]} Re8 {[%clk 01:16:19]} {[%emt 00:00:25]} 21.
Rxe8+ {[%clk 01:03:38]} {[%emt 00:01:30]} Kxe8 {[%clk 01:16:32]} {[%emt
00:00:15]} 22. Kg3 {[%clk 01:02:24]} {[%emt 00:01:46]} Kf7 {[%clk 01:16:14]}
{[%emt 00:00:47]} 23. Kf4 {[%clk 01:00:04]} {[%emt 00:02:50]} Kf6 {[%clk
01:15:01]} {[%emt 00:01:44]} 24. Ng5 {[%clk 00:56:39]} {[%emt 00:03:55]} h6
{[%clk 01:14:18]} {[%emt 00:01:13]} 25. Ne4+ {[%clk 00:56:20]} {[%emt
00:00:49]} Ke6 {[%clk 01:13:59]} {[%emt 00:00:48]} 26. c4 {[%clk 00:55:26]}
{[%emt 00:01:26]} b5 {[%clk 01:09:47]} {[%emt 00:04:42]} 27. d5+ {[%clk
00:51:30]} {[%emt 00:04:25]} Kf7 {[%clk 01:08:00]} {[%emt 00:02:16]} 28. cxb5
{[%clk 00:49:48]} {[%emt 00:02:14]} g5+ {[%clk 01:06:50]} {[%emt 00:01:40]} 29.
Kg3 {[%clk 00:43:25]} {[%emt 00:06:52]} Bxb5 {[%clk 01:04:24]} {[%emt
00:02:55]} 30. h4 {[%clk 00:41:04]} {[%emt 00:02:52]} Kg6 {[%clk 00:55:42]}
{[%emt 00:09:13]} 31. hxg5 {[%clk 00:36:18]} {[%emt 00:05:15]} hxg5 {[%clk
00:55:52]} {[%emt 00:00:20]} 32. Kg4 {[%clk 00:32:00]} {[%emt 00:04:47]} Bd7+
{[%clk 00:55:44]} {[%emt 00:00:39]} 33. Kf3 {[%clk 00:30:04]} {[%emt 00:02:25]}
g4+ {[%clk 00:50:55]} {[%emt 00:05:20]} 34. Kf4 {[%clk 00:28:51]} {[%emt
00:01:42]} a5 {[%clk 00:43:21]} {[%emt 00:08:05]} 35. f3 {[%clk 00:23:23]}
{[%emt 00:05:57]} gxf3 {[%clk 00:43:01]} {[%emt 00:00:50]} 36. gxf3 {[%clk
00:23:33]} {[%emt 00:00:22]} Bb5 {[%clk 00:41:21]} {[%emt 00:02:10]} 37. Kg4
{[%clk 00:22:02]} {[%emt 00:02:00]} Bc4 {[%clk 00:39:55]} {[%emt 00:01:57]} 38.
Nc3 {[%clk 00:21:36]} {[%emt 00:00:54]} a4 {[%clk 00:39:42]} {[%emt 00:00:44]}
39. a3 {[%clk 00:19:05]} {[%emt 00:03:01]} Kf6 {[%clk 00:37:41]} {[%emt
00:02:30]} 40. Kf4 {[%clk 00:18:52]} {[%emt 00:00:42]} Kg6 {[%clk 00:33:49]}
{[%emt 00:04:23]} 41. Ke4 {[%clk 00:18:33]} {[%emt 00:00:47]} Bf1 {[%clk
00:31:06]} {[%emt 00:03:16]} 42. Nxa4 {[%clk 00:15:22]} {[%emt 00:03:41]} Kf6
{[%clk 00:28:22]} {[%emt 00:03:14]} 43. Nc3 {[%clk 00:14:17]} {[%emt 00:01:34]}
Ba6 {[%clk 00:25:45]} {[%emt 00:03:07]} 44. a4 {[%clk 00:13:53]} {[%emt
00:00:55]} Bb7 {[%clk 00:24:34]} {[%emt 00:01:40]} 45. f4 {[%clk 00:09:54]}
{[%emt 00:04:29]} c6 {[%clk 00:23:02]} {[%emt 00:02:03]} 46. a5 {[%clk
00:08:55]} {[%emt 00:01:29]} cxd5+ {[%clk 00:23:12]} {[%emt 00:00:19]} 47.
Nxd5+ {[%clk 00:08:42]} {[%emt 00:00:43]} Ke6 {[%clk 00:23:11]} {[%emt
00:00:32]} 48. f5+ {[%clk 00:08:36]} {[%emt 00:00:34]} Kf7 {[%clk 00:22:48]}
{[%emt 00:00:54]} 49. Kd4 {[%clk 00:07:47]} {[%emt 00:01:19]} Kf8 {[%clk
00:21:54]} {[%emt 00:01:25]} 50. Nc7 {[%clk 00:02:47]} {[%emt 00:05:30]} Kf7
{[%clk 00:21:45]} {[%emt 00:00:39]} 51. a6 {[%clk 00:02:42]} {[%emt 00:00:35]}
Bxa6 {[%clk 00:21:36]} {[%emt 00:00:37]} 52. Nxa6 {[%clk 00:02:47]} {[%emt
00:00:27]} Kf6 {[%clk 00:21:57]} {[%emt 00:00:08]} 53. Ke4 {[%clk 00:03:04]}
{[%emt 00:00:13]} d5+ {[%clk 00:22:16]} {[%emt 00:00:11]} 54. Kf4 {[%clk
00:03:08]} {[%emt 00:00:26]} d4 {[%clk 00:22:38]} {[%emt 00:00:09]} 55. Nb4
{[%clk 00:03:17]} {[%emt 00:00:21]} d3 {[%clk 00:22:49]} {[%emt 00:00:19]} 56.
Nxd3 {[%clk 00:03:41]} {[%emt 00:00:06]} Kf7 {[%clk 00:23:13]} {[%emt
00:00:06]} 57. Ke5 {[%clk 00:03:53]} {[%emt 00:00:18]} Ke7 {[%clk 00:23:32]}
{[%emt 00:00:10]} 58. f6+ {[%clk 00:04:16]} {[%emt 00:00:08]} Kf7 {[%clk
00:23:56]} {[%emt 00:00:05]} 59. Kf5 {[%clk 00:04:34]} {[%emt 00:00:12]} Kf8
{[%clk 00:24:17]} {[%emt 00:00:09]} 60. Ke6 {[%clk 00:04:48]} {[%emt 00:01:11]}
Ke8 {[%clk 00:24:25]} {[%emt 00:00:22]} 61. f7+ {[%clk 00:05:02]} {[%emt
00:00:15]} Kf8 {[%clk 00:24:05]} {[%emt 00:00:51]} 62. Nb4 {[%clk 00:05:16]}
{[%emt 00:00:16]} Kg7 {[%clk 00:24:26]} {[%emt 00:00:09]} 63. Ke7 {[%clk
00:05:39]} {[%emt 00:00:07]} Kg6 {[%clk 00:24:41]} {[%emt 00:00:14]} 64. f8=Q
{[%clk 00:05:53]} {[%emt 00:00:17]} Kg5 {[%clk 00:25:02]} {[%emt 00:00:08]} 65.
Qf6+ {[%clk 00:06:09]} {[%emt 00:00:14]} Kg4 {[%clk 00:25:20]} {[%emt
00:00:13]} 66. Ke6 {[%clk 00:06:19]} {[%emt 00:00:20]} Kg3 {[%clk 00:25:38]}
{[%emt 00:00:09]} 67. Ke5 {[%clk 00:06:25]} {[%emt 00:00:27]} Kg4 {[%clk
00:25:57]} {[%emt 00:00:10]} 68. Qf5+ {[%clk 00:06:42]} {[%emt 00:00:12]} Kg3
{[%clk 00:26:18]} {[%emt 00:00:11]} 69. Qf4+ {[%clk 00:06:58]} {[%emt
00:00:12]} Kg2 {[%clk 00:26:40]} {[%emt 00:00:10]} 70. Ke4 {[%clk 00:07:05]}
{[%emt 00:00:23]} Kg1 {[%clk 00:27:01]} {[%emt 00:00:09]} 71. Qd2 {[%clk
00:07:16]} {[%emt 00:00:17]} Kf1 {[%clk 00:27:22]} {[%emt 00:00:11]} 72. Kf3
{[%clk 00:07:18]} {[%emt 00:00:26]} Kg1 {[%clk 00:27:33]} {[%emt 00:00:21]} 73.
Qg2# {[%clk 00:07:42]} {[%emt 00:00:06]} 1-0

[Event "DEM U10w 2023"]
[Site "Willingen GER"]
[Date "2023.05.31"]
[Round "7"]
[White "Trush, Diana"]
[Black "Frydel, Helena"]
[Result "0-1"]
[Termination "normal"]
[Board "6"]
[WhiteElo "1002"]
[BlackElo "1161"]
[WhiteClock "00:14:25"]
[BlackClock "00:43:09"]
[PlyCount "106"]
[WhiteFideId "34644091"]
[BlackFideId "16266536"]
[EventCountry "GER"]
[EventRounds "11"]
[EventType "swiss"]
[EventDate "2023.05.27"]

1. f4 {[%clk 01:15:47]} {[%emt 00:00:10]} d5 {[%clk 01:15:57]} {[%emt
00:00:06]} 2. Nf3 {[%clk 01:14:58]} {[%emt 00:01:16]} Bf5 {[%clk 01:16:17]}
{[%emt 00:00:12]} 3. b3 {[%clk 01:13:37]} {[%emt 00:01:43]} e6 {[%clk
01:16:43]} {[%emt 00:00:13]} 4. Bb2 {[%clk 01:11:53]} {[%emt 00:02:08]} Nf6
{[%clk 01:17:02]} {[%emt 00:00:17]} 5. e3 {[%clk 01:11:22]} {[%emt 00:01:00]}
Be7 {[%clk 01:17:21]} {[%emt 00:00:11]} 6. Be2 {[%clk 01:10:33]} {[%emt
00:01:16]} O-O {[%clk 01:17:44]} {[%emt 00:00:11]} 7. O-O {[%clk 01:09:56]}
{[%emt 00:01:04]} c5 {[%clk 01:18:11]} {[%emt 00:00:06]} 8. d3 {[%clk
01:07:43]} {[%emt 00:02:39]} Nc6 {[%clk 01:18:13]} {[%emt 00:00:31]} 9. a3
{[%clk 01:06:16]} {[%emt 00:01:57]} Rc8 {[%clk 01:17:23]} {[%emt 00:01:21]} 10.
Nbd2 {[%clk 01:03:42]} {[%emt 00:03:03]} a5 {[%clk 01:15:26]} {[%emt 00:02:27]}
11. Qe1 {[%clk 00:59:05]} {[%emt 00:05:06]} b5 {[%clk 01:14:21]} {[%emt
00:01:37]} 12. Qg3 {[%clk 00:53:49]} {[%emt 00:05:43]} h6 {[%clk 01:10:23]}
{[%emt 00:04:30]} 13. e4 {[%clk 00:48:54]} {[%emt 00:05:25]} Nh5 {[%clk
01:05:45]} {[%emt 00:05:08]} 14. Qf2 {[%clk 00:49:20]} {[%emt 00:00:04]} Bh7
{[%clk 01:05:04]} {[%emt 00:01:11]} 15. Ng5 {[%clk 00:43:15]} {[%emt 00:06:35]}
hxg5 {[%clk 00:57:02]} {[%emt 00:08:33]} 16. fxg5 {[%emt 00:03:36]} Bg6 {[%clk
00:54:39]} {[%emt 00:01:20]} 17. g4 {[%clk 00:41:02]} {[%emt 00:01:09]} Bxg5
{[%clk 00:52:54]} {[%emt 00:02:15]} 18. gxh5 {[%clk 00:40:37]} {[%emt
00:00:55]} Bxd2 {[%clk 00:52:16]} {[%emt 00:01:08]} 19. hxg6 {[%clk 00:40:14]}
{[%emt 00:00:39]} fxg6 {[%clk 00:50:50]} {[%emt 00:02:09]} 20. Qg3 {[%clk
00:37:24]} {[%emt 00:03:19]} Qg5 {[%clk 00:49:20]} {[%emt 00:02:02]} 21. exd5
{[%clk 00:31:10]} {[%emt 00:06:44]} exd5 {[%clk 00:46:59]} {[%emt 00:02:51]}
22. Bg4 {[%clk 00:28:35]} {[%emt 00:03:05]} Rxf1+ {[%clk 00:45:10]} {[%emt
00:02:20]} 23. Rxf1 {[%clk 00:29:01]} {[%emt 00:00:03]} Rd8 {[%clk 00:40:01]}
{[%emt 00:05:40]} 24. Be6+ {[%clk 00:22:30]} {[%emt 00:07:00]} Kh8 {[%clk
00:39:39]} {[%emt 00:00:52]} 25. Rf7 {[%clk 00:22:41]} {[%emt 00:00:19]} d4
{[%clk 00:38:28]} {[%emt 00:01:41]} 26. Kf1 {[%clk 00:15:41]} {[%emt 00:07:30]}
Qxg3 {[%clk 00:37:49]} {[%emt 00:01:09]} 27. hxg3 {[%clk 00:16:08]} {[%emt
00:00:02]} Ne5 {[%clk 00:34:10]} {[%emt 00:04:10]} 28. Re7 {[%clk 00:15:33]}
{[%emt 00:01:05]} Rf8+ {[%clk 00:33:33]} {[%emt 00:01:07]} 29. Ke2 {[%clk
00:15:32]} {[%emt 00:00:29]} Be3 {[%clk 00:32:20]} {[%emt 00:01:44]} 30. c3
{[%clk 00:12:47]} {[%emt 00:03:16]} Rf2+ {[%clk 00:31:48]} {[%emt 00:01:03]}
31. Kd1 {[%clk 00:12:52]} {[%emt 00:00:20]} Rxb2 {[%clk 00:30:03]} {[%emt
00:02:18]} 32. Re8+ {[%clk 00:13:17]} {[%emt 00:00:06]} Kh7 {[%clk 00:30:27]}
{[%emt 00:00:06]} 33. Bg8+ {[%clk 00:13:43]} {[%emt 00:00:02]} Kh8 {[%clk
00:30:38]} {[%emt 00:00:21]} 34. Bf7+ {[%clk 00:13:48]} {[%emt 00:00:25]} Kh7
{[%clk 00:30:29]} {[%emt 00:00:40]} 35. Rxe5 {[%clk 00:14:09]} {[%emt
00:00:08]} Rd2+ {[%clk 00:30:36]} {[%emt 00:00:24]} 36. Ke1 {[%clk 00:14:29]}
{[%emt 00:00:09]} Rxd3 {[%clk 00:30:34]} {[%emt 00:00:31]} 37. Ke2 {[%clk
00:12:03]} {[%emt 00:02:57]} Rxc3 {[%clk 00:29:51]} {[%emt 00:01:13]} 38. Kf3
{[%clk 00:12:26]} {[%emt 00:00:06]} Bc1+ {[%clk 00:27:11]} {[%emt 00:03:11]}
39. Kg4 {[%clk 00:12:32]} {[%emt 00:00:21]} Bxa3 {[%clk 00:26:58]} {[%emt
00:00:46]} 40. Kg5 {[%clk 00:12:37]} {[%emt 00:00:16]} Rxg3+ {[%clk 00:26:16]}
{[%emt 00:01:20]} 41. Kf4 {[%clk 00:07:45]} {[%emt 00:05:23]} Rg1 {[%clk
00:26:14]} {[%emt 00:00:32]} 42. Re2 {[%clk 00:06:56]} {[%emt 00:01:18]} Rf1+
{[%clk 00:26:11]} {[%emt 00:00:34]} 43. Kg4 {[%clk 00:06:25]} {[%emt 00:00:58]}
Rxf7 {[%clk 00:26:28]} {[%emt 00:00:16]} 44. Kg5 {[%clk 00:02:30]} {[%emt
00:04:24]} Bc1+ {[%clk 00:26:31]} {[%emt 00:00:29]} 45. Kg4 {[%clk 00:02:34]}
{[%emt 00:00:24]} d3 {[%clk 00:26:44]} {[%emt 00:00:18]} 46. Rh2+ {[%clk
00:01:50]} {[%emt 00:01:12]} Kg8 {[%clk 00:27:06]} {[%emt 00:00:10]} 47. Rh1
{[%clk 00:00:56]} {[%emt 00:01:22]} d2 {[%clk 00:27:28]} {[%emt 00:00:10]} 48.
Rg1 {[%clk 00:00:35]} {[%emt 00:00:51]} Rd7 {[%clk 00:27:35]} {[%emt 00:00:24]}
49. Rd1 {[%clk 00:15:10]} {[%emt 00:00:54]} Re7 {[%clk 00:42:44]} {[%emt
00:00:21]} 50. Kg5 {[%clk 00:15:24]} {[%emt 00:00:16]} Re1 {[%clk 00:43:07]}
{[%emt 00:00:07]} 51. Rxe1 {[%clk 00:15:08]} {[%emt 00:00:45]} dxe1=Q+ {[%emt
00:00:11]} 52. Kxg6 {[%emt 00:00:25]} Qe5 {[%clk 00:42:47]} {[%emt 00:00:15]}
53. b4 {[%clk 00:14:25]} {[%emt 00:01:13]} Qg5# {[%clk 00:43:09]} {[%emt
00:00:07]} 0-1